MDQL
is popping MORE tags! Check the
thread
!
Quizzes
Events
Quiz Creation
Community
Videos
Private Events
Remove Ads
Sign In
Join for FREE
Feedback
Dark Mode
Quiz Categories
Sports
Geography
Music
Movies
Television
Just For Fun
Miscellaneous
History
Literature
Language
Science
Gaming
Entertainment
Religion
Holiday
For Kids
Quiz Lab
Recent
Popular Today
Quiz Kudos Today
Editor Picks
Curator Picks
Quizzes by...
Day
Popularity
Type
Ratings
Length
Year
Community
Subscriptions
Recent Discussions
Orange Saloon
Badges
Playlists
Quests
Create
Leaderboards
Showdown
Live 5
Trivia Bingo
Activity
Puzzle Library
Sporcle Events
Private Events
Virtual Trivia
Globe League
Become a Host
Pub Owners
SporcleCon
Opinionation
Our Games
Videos
Blog
Mobile Apps
Partnerships
Remove Ads and Go Orange
Feedback
Gaming
Video Games
Board Games
Card Games
Pokémon
Mario
Nintendo
Minecraft
Console
Toys
Legend of Zelda
Gaming
Video Games
Board Games
Card Games
Pokémon
Mario
Nintendo
Minecraft
Console
Toys
Legend of Zelda
Random Quiz
Search Sporcle
×
Quiz Lab
Quiz Lab
Gaming
Player
Type in answers that appear in a list
Type in answers that appear in a list
Classic
Best Score? Go Orange.
Walkouts on fifa 17 Stats
Can you name the walkouts on fifa 17?
By
tmcgrath533
6m
44 Questions
103 Plays
103 Plays
103 Plays
Comments
Comments
Give Quiz Kudos
Give Quiz Kudos
-
- Ratings
hide this ad
Replay
Link that replays current quiz
Next Quiz
Link to next quiz in quiz playlist
You Got
0%
They Got
Avg Score
85%
Avg Friend Score
Upgrade to see
Score Distribution
Jump to the score distribution portion of the page
Score
0/44
Timer
06:00
0
Plays Today
club
player name
% Correct
Real madrid (LW)
Cristiano Ronaldo
98.9%
Barcelona (RW)
Lionel Messi
98.9%
Barcelona (LW)
Neymar
96.8%
Barcelona(ST)
Luis Suarez
96.8%
Bayern munich (GK)
Manuel Neuer
96.8%
Manchester united (GK)
David DeGea
95.8%
Real madrid (RW)
Gareth Bale
94.7%
Bayern munich (ST)
Robert Lewandowski
94.7%
Paris Saint Germain (CB)
Thiago Silva
92.6%
Manchester City (ST)
Sergio Aguero
91.6%
Real madrid (CB)
Sergio Ramos
91.6%
Real madrid (CM)
Luka Modric
91.6%
Manchester City (CAM)
David Silva
90.5%
Arsenal (CAM)
Mesut Ozil
89.5%
Manchester City (CAM)
Kevin DeBruyne
89.5%
Bayern munich (CB)
Jerome Boateng
88.4%
Athletico Madrid (ST)
Antoinne Griezmann
88.4%
Manchester United (CM)
Paul Pogba
88.4%
Barcelona (CM)
Andres Iniesta
88.4%
Manchester united (ST)
Zlatan Ibrahimovic
87.4%
Chelsea (LM)
Eden Hazard
87.4%
Tottenham Hotspurs (GK)
Hugo Lloris
87.4%
club
player name
% Correct
Chelsea (GK)
Thibaut Courtois
86.3%
Bayern Munich (RB)
Philipp Lahm
86.3%
Juventus (GK)
Gianluigi Buffon
86.3%
Borussia Dortmund (LM)
Marco Reus
85.3%
Real madrid (CM)
Toni Kroos
84.2%
Juventus (CB)
Giorgio Chiellini
83.2%
Barcelona (CDM)
Sergio Busquets
83.2%
Juventus (ST)
Gonzalo Higuain
82.1%
Athletico Madrid (CB)
Diego Godin
82.1%
Arsenal (GK)
Petr Cech
82.1%
Arsenal (LW)
Alexis Sanchez
81.1%
Paris Saint Germain (RW)
Angel DiMaria
81.1%
Real Madrid (LB)
Marcelo
81.1%
Barcelona (LB)
Jordi Alba
81.1%
Bayern Munich (RM)
Arjen Robben
80%
Bayern munich (LB)
David Alaba
77.9%
Bayern Munich (LM)
Frank Ribery
77.9%
Real madrid (CB)
Pepe
76.8%
Juventus (RB)
Dani Alves
74.7%
Real Madrid (CAM)
James Rodriguez
66.3%
Bayern Munich (CM)
Aturo Vidal
54.7%
Manchester United (RM)
Henrik Mkhitaryan
53.7%
Quiz Playlist
Details
Report
Send in Message
Add To Playlist
Classic:
Type in answers that appear in a list
Last Updated: Jun 28, 2017
Quiz Scoreboard
CHALLENGE
Sign Up to Join the Scoreboard
Show All
Scores
Hide
Comments
May contain spoilers
Recently Published
Find the 'City' Movie
by crazypaving
Movies
60s
5x2 Blitz: Bands
by SL_Kpop136
Music
30s
Colored Red Africa Blitz
by spor1
Geography
30s
More to Explore
Quiz From the Vault
Featured Blog Post
14 Easter Pick-up Lines to Find Eggs With
hide this ad
You Might Also Like...
Tags
club
FIFA
Player
Rating
Today's Top Quizzes in Gaming
Browse Gaming
hide this ad
Today's Top Quizzes in Player
Browse Player
Top Contributed Quizzes in Gaming
1
Dead By Daylight Logic Puzzle
2
League of Legends Pro Players by Career/Team History
3
Destiny 2 exotic weapons by perk icons
4
Genshin Impact Logic Puzzle
5
Overwatch 2: Ultimate Ability Icons
6
Genshin Impact Logic Puzzle Quiz II
7
Windmill: Elements
8
Overwatch Logic Puzzle
9
Genshin Impact Logic Puzzle Quiz
10
Genshin murder mystery
Explore More
Trending Topics
Disney
Harry Potter
NBA
Kpop
Crossword
Anime
Marvel
WWE
Song
Puzzle
The Office
NFL
Soccer
Pokémon
Country
hide this ad
More By:
tmcgrath533
Quiz
Plays
Rating
Category
Featured
Created
walkouts on fifa 17
103
Gaming
Jun 28, 2017
Go to Creator's Profile
Score Distribution
Quiz Creator Spotlight
tmcgrath533
Follow
Send a Message
Quizzes Created
-
Created Quiz Play Count
-
More By This Creator
Popular Quizzes Today
1
Colored Red Africa Blitz
2
Find the 'City' Movie
3
Find the US States - No Outlines Minefield
4
5x2 Blitz: Bands
5
The Countries of the World
6
Find the US States
7
US States
8
9x9 Crossword: Cartoon Network
More Gaming Quizzes
Legend of Zelda Overworld - All Items I
Curator's Pick
Trending Quizzes
Colored Red Europe Blitz I
Colored Red Europe Blitz II
Colored Red Africa Blitz II
Colored Red Europe Blitz III
Colored Red Africa Blitz III
Recently Updated
Godzilla Movies
pecheneg
Grab Bag: 4-10 Letters
pecheneg
2024 March Madness Bracket
pecheneg
Famous TV Couples
Peacemaker
Champions League XIs: Real Madrid
pecheneg
Largest US Cities 1790-2010
pecheneg
Rides in Walt Disney World
pecheneg
Most Oscar Losses (Acting)
pecheneg
Beyoncé Albums
pecheneg
Leaping Animals
pecheneg
Trending Topics
Harry Potter
Anime
Crossword
NBA
Marvel
Kpop
Disney
Puzzle
Country
Soccer
Song
The Office
WWE
Pokémon
NFL
Your Account Isn't Verified!
In order to create a playlist on Sporcle, you need to verify the email address you used during registration. Go to your
Sporcle Settings
to finish the process.
Report this User
Report this user for behavior that violates our
Community Guidelines
.
Details:
Send Report
Go to the Sporcle.com Mobile Site →
Comments